[Event "Koop Tjuchem op"]
[Site "Groningen"]
[Date "1996.??.??"]
[Round "1"]
[White "Degraeve, Jean Marc"]
[Black "Parmentier, Xavier"]
[Result "1-0"]
[WhiteElo "2515"]
[BlackElo "2265"]

1.e4 c5 2.Nf3 Nc6 3.Bb5 d6 4.O-O Bd7 5.c3 Nf6 6.Re1 a6 7.Bxc6 Bxc6 8.d4 Bxe4
9.Bg5 Bd5 10.Nbd2 e6 11.Bxf6 gxf6 12.c4 Bxf3 13.Nxf3 cxd4 14.Nxd4 Bg7 15.Nf5 O-O
16.Nxg7 Kxg7 17.Qd4 b5 18.Re3 Rg8 19.b3 bxc4 20.bxc4 Rb8 21.Rd1 Qb6 22.Rg3+ Kf8
23.Rb3 Qc7 24.Qxd6+ Qxd6 25.Rxd6 Rc8 26.Rxa6 Rg4 27.g3 Rgxc4 28.Kg2 Rc2 29.Ra7 R8c7
30.Rxc7 Rxc7 31.a4 Ra7 32.Ra3 Ra5 33.Kf3 Ke7 34.Ke3 Kd6 35.Kd4 Kc6 36.Kc4 Kb6
37.Kb4 Rf5 38.Ra2 h5 39.Rd2 h4 40.f4 hxg3 41.hxg3 Rh5 42.Rd7 Rh7 43.a5+ Ka6
44.Rd6+ Ka7 45.Kb5 Rh5+ 46.Kc6 Rh7 47.Kd7 e5 48.Rxf6 e4 49.Rb6 Rh1 50.Rb2 Rg1
51.Re2 f5 52.Ke6 Rxg3 53.Kxf5 Ra3 54.Rxe4 Rxa5+ 55.Kg6  1-0

[Event "Koop Tjuchem op"]
[Site "Groningen"]
[Date "1996.??.??"]
[Round "1"]
[White "Leroy, Didier"]
[Black "Hausrath, Daniel"]
[Result "0-1"]
[WhiteElo "2200"]
[BlackElo "2440"]

1.e4 c5 2.Nf3 Nc6 3.Bb5 g6 4.O-O Bg7 5.c3 Nf6 6.Qe2 O-O 7.Rd1 Qb6 8.d4 cxd4
9.e5 d3 10.Bxd3 Ng4 11.Bf4 f6 12.exf6 Nxf6 13.Bg3 d5 14.h3 Nh5 15.Bh2 e5
16.Bb5 e4 17.Ne1 Be6 18.Rd2 Rxf2  0-1

[Event "Groningen SC op"]
[Site "Groningen"]
[Date "1996.??.??"]
[Round "2"]
[White "Van der Lijn, Bas"]
[Black "Van der Weide, Karel"]
[Result "1/2-1/2"]
[WhiteElo "2190"]
[BlackElo "2345"]

1.e4 c5 2.Nf3 Nc6 3.Bb5 g6 4.O-O Bg7 5.c3 e5 6.d4 cxd4 7.cxd4 exd4 8.e5 Nge7
9.Bf4 O-O 10.Nbd2 a6 11.Bd3 d6 12.exd6 Nf5 13.Ne4 h6 14.h3 Be6 15.Nc5 g5
16.Nxe6 fxe6 17.Bh2 Qd7 18.Re1 Rae8 19.Qb3 Kh8 20.Rac1 e5 21.Rxc6 Qxc6 22.Nxe5 Bxe5
23.Bxe5+ Ng7 24.Qd1 Rxe5 25.Rxe5 Qxd6 26.Qe2 Qc6 27.g3 Re8 28.Rxe8+ Qxe8
29.Qf3 Qe7 30.Qd5 Ne8 31.Qxd4+ Nf6 32.h4 Kg7 33.hxg5 hxg5 34.a3 a5 35.Qb6 Qd7
36.Be2 Qd5 37.Qb5 Qxb5 38.Bxb5 Kf7 39.Kf1 Ke6 40.Ke2 Ke5 41.Bc4 Kd4 42.Be6 b5
43.f3 b4 44.Bf7 Nd7 45.Be8 Nc5 46.Bb5 Ne6 47.Kd2 Nc5 48.Bc6 Nd3  1/2-1/2

[Event "Koop Tjuchem op"]
[Site "Groningen"]
[Date "1996.??.??"]
[Round "3"]
[White "Grechihin, Valery"]
[Black "Van der Weide, Karel"]
[Result "1/2-1/2"]
[WhiteElo "2495"]
[BlackElo "2365"]

1.e4 c5 2.Nf3 Nc6 3.Bb5 g6 4.O-O Bg7 5.Re1 e5 6.Bxc6 dxc6 7.d3 Qe7 8.Nbd2 Nf6
9.a3 O-O 10.b4 Rd8 11.Nc4 Bg4 12.Rb1 Nd7 13.Na5 Rdb8 14.h3 Bxf3 15.Qxf3 Nf8
16.Be3 cxb4 17.axb4 Qc7 18.c3 Ne6 19.Nb3 Rd8 20.Red1 Qe7 21.d4 exd4 22.cxd4 Ng5
23.Bxg5 Qxg5 24.d5 cxd5 25.exd5 b6 26.d6 Qb5 27.Nd4 Bxd4 28.Rxd4 a5 29.Rd5 Qc6
30.b5 Qd7 31.Rc1 Re8 32.Re5 Rf8 33.Qc6 Rad8 34.Rd1 a4 35.Re4 Qa7 36.d7 a3
37.Re8 a2 38.Rxd8 Rxd8 39.Qc8 Kg7 40.Qxd8 a1=Q 41.Rxa1 Qxa1+ 42.Kh2 Qe5+
43.g3 Qd4  1/2-1/2

[Event "Koop Tjuchem op"]
[Site "Groningen"]
[Date "1996.??.??"]
[Round "5"]
[White "Baklan, Vladimir"]
[Black "Hausrath, Daniel"]
[Result "1/2-1/2"]
[WhiteElo "2525"]
[BlackElo "2440"]

1.e4 c5 2.Nf3 Nc6 3.Bb5 g6 4.Bxc6 dxc6 5.h3 Bg7 6.d3 Nf6 7.Nc3 O-O 8.Be3 b6
9.Qd2 e5 10.a3 Qd6 11.Na4 c4 12.dxc4 Nxe4 13.Qxd6 Nxd6 14.c5 Nc4 15.cxb6 e4
16.Nd2 axb6 17.Nxc4 Rxa4 18.Nxb6 Bxb2 19.Nxa4 Bxa1 20.c3 Be6 21.Kd2 Ra8  1/2-1/2

[Event "Koop Tjuchem op"]
[Site "Groningen"]
[Date "1996.??.??"]
[Round "9"]
[White "Shaked, Tal"]
[Black "Van der Weide, Karel"]
[Result "0-1"]
[WhiteElo "2440"]
[BlackElo "2365"]

1.e4 c5 2.Nf3 Nc6 3.Bb5 g6 4.Bxc6 dxc6 5.d3 Bg7 6.h3 e5 7.Be3 Qe7 8.Qd2 Nf6
9.Nc3 O-O 10.Bh6 Ne8 11.O-O-O b5 12.Nh2 a5 13.Ng4 a4 14.Rde1 a3 15.b3 c4
16.f4 cxb3 17.cxb3 exf4 18.Bxg7 Nxg7 19.Nh6+ Kh8 20.Qxf4 Be6 21.Kc2 Rfd8
22.Qe3 b4 23.Ne2 c5 24.Rhf1 Ra7 25.Nf4 f6 26.Nd5 Bxd5 27.exd5 Qf8 28.g4 Rad7
29.g5 f5 30.Ng4 Nh5 31.Ne5 Rxd5 32.Nc4 Ng7 33.Qe7 Qxe7 34.Rxe7 Re8 35.Ree1 Rxe1
36.Rxe1 f4 37.h4 Nf5 38.Ne5 Kg7 39.Ng4 Nxh4 40.Re7+ Kf8 41.Rxh7 Nf3 42.Nf6 Rxg5
43.d4 Nxd4+ 44.Kd3 Rf5  0-1

[Event "Koop Tjuchem op"]
[Site "Groningen"]
[Date "1996.??.??"]
[Round "9"]
[White "Degraeve, Jean Marc"]
[Black "Meins, Gerlef"]
[Result "1/2-1/2"]
[WhiteElo "2515"]
[BlackElo "2465"]

1.e4 c5 2.Nf3 Nc6 3.Bb5 g6 4.O-O Bg7 5.Re1 Nf6 6.e5 Nd5 7.Nc3 Nc7 8.Bxc6 dxc6
9.Ne4 Ne6 10.d3 O-O 11.Be3 b6 12.Qd2 Nd4 13.Nxd4 cxd4 14.Bh6 Qc7 15.Bxg7 Kxg7
16.Qf4 h6 17.c3 dxc3 18.Nxc3 Be6 19.d4 Rfd8 20.Rad1 Rd7 21.Re3 Rad8 22.g4 c5
23.Red3 Rxd4 24.Rxd4 cxd4 25.Rxd4 g5 26.Qe3 Rxd4 27.Qxd4 Qc6 28.f4 gxf4 29.Qxf4 Bc8
30.Kf2 Bb7 31.Ke3 Qg2 32.Ne2 Bc8 33.Ng3 Qxb2 34.g5 Qc1+ 35.Kf3 Bb7+ 36.Kg4 Bc8+
37.Kf3 Qxf4+ 38.Kxf4 Be6 39.a3 b5 40.Ne4 a5 41.Nc5 b4 42.axb4 axb4 43.gxh6+ Kxh6
44.h4 Kh5 45.Kg3 b3 46.Nd3 Bc4 47.Nb2 Bb5 48.Nd1 Be2 49.Nb2 Kg6 50.Kf4 Kg7
51.Kg5 Kf8 52.Kf4 Ke8 53.Ke3 Bh5 54.Kd4 Kd7 55.Nd3 Bd1 56.h5 Ke8 57.Kc3 Kf8
58.Nb4 Bc2 59.Nd5 e6 60.Nf6 Kg7 61.Ng4 Kh7 62.Kb2 Bd1 63.Ne3 Bc2 64.Ng4 Kg7
65.Kc3 Bd1 66.Ne3 Bxh5 67.Kxb3 Kg6 68.Kc3 Kg5 69.Kd4 Bf3  1/2-1/2

[Event "Koop Tjuchem op"]
[Site "Groningen"]
[Date "1996.??.??"]
[Round "10"]
[White "Van der Weide, Karel"]
[Black "Skomorokhin, Roman"]
[Result "1/2-1/2"]
[WhiteElo "2365"]
[BlackElo "2450"]

1.e4 c5 2.Nf3 Nc6 3.Bb5 d6 4.O-O Bd7 5.Re1 Nf6 6.c3 a6 7.Bf1 Bg4 8.h3 Bh5
9.d3 e6 10.Bf4 Be7 11.Nbd2 b5 12.a3 Nd7 13.b4 O-O 14.Qb3 Nb6 15.Ra2 d5 16.exd5 Nxd5
17.Bg3 cxb4 18.axb4 Qc8 19.Rea1 f6 20.d4 Bf7 21.Bxb5 Nxc3 22.Qxc3 Nxb4 23.Qxc8 Rfxc8
24.Bd7 Rd8 25.Ba4  1/2-1/2

[Event "Haarlem op"]
[Site "Haarlem"]
[Date "1996.??.??"]
[Round "4"]
[White "Bezemer, Arno"]
[Black "Blees, Albert"]
[Result "0-1"]
[WhiteElo "2235"]
[BlackElo "2405"]

1.e4 c5 2.Nf3 Nc6 3.Bb5 g6 4.O-O Bg7 5.Re1 e5 6.Nc3 Nge7 7.Nd5 a6 8.Bf1 d6
9.Nxe7 Qxe7 10.c3 O-O 11.d3 h6 12.Be3 Rd8 13.d4 exd4 14.cxd4 Bg4 15.d5 Ne5
16.Be2 Nxf3+ 17.Bxf3 Bxf3 18.Qxf3 Bxb2 19.Rab1 Bc3 20.Rec1 Bg7 21.Rb6 Rd7
22.Qh3 h5 23.Rcb1 Re8 24.f3 c4 25.Bg5 Bd4+ 26.Kf1 f6  0-1

[Event "Hafnarfjordur op"]
[Site "Hafnarfjordur"]
[Date "1996.??.??"]
[Round "1"]
[White "Vidarsson, Jon G"]
[Black "Asgeirsson, Heimir"]
[Result "1-0"]
[WhiteElo "2360"]
[BlackElo "2185"]

1.e4 c5 2.Nf3 Nc6 3.Bb5 e6 4.O-O Nge7 5.c3 a6 6.Bxc6 Nxc6 7.d4 d5 8.e5 Be7
9.dxc5 Bxc5 10.Bg5 Be7 11.Bxe7 Qxe7 12.Na3 O-O 13.c4 Rd8 14.Qc1 d4 15.Qf4 f6
16.Rfe1 fxe5 17.Nxe5 Qf6 18.Qg3 Nxe5 19.Qxe5 Qxe5 20.Rxe5 b6 21.Rd1 Ra7 22.Re4 d3
23.Re3 Rad7 24.Rxe6 Rd6 25.Rxd6 Rxd6 26.f3 Bf5 27.Kf2 g5 28.Nb1 Rc6 29.Nd2 b5
30.Rc1 g4 31.c5 gxf3 32.Nxf3 Rc7 33.b4 Kg7 34.Nd4  1-0

[Event "GER-ch U20"]
[Site "Halle"]
[Date "1996.??.??"]
[Round "1"]
[White "De Gleria, Francesco"]
[Black "Enzmann, Steffen"]
[Result "0-1"]
[WhiteElo "2350"]
[BlackElo "2150"]

1.e4 c5 2.Nf3 Nc6 3.Bb5 e6 4.O-O Nge7 5.c3 a6 6.Be2 d5 7.exd5 Nxd5 8.d4 cxd4
9.Nxd4 Qc7 10.Nxc6 bxc6 11.Bf3 Bd6 12.g3 O-O 13.c4 Nf6 14.Qc2 Bb7 15.b3 c5
16.Bxb7 Qxb7 17.Bb2 Be7 18.Nc3 Rfd8 19.Qe2 Rd7 20.Rfd1 Rad8 21.Rxd7 Rxd7
22.Rd1 Rxd1+ 23.Qxd1 h5 24.Na4 Ne4 25.Qf3 h4 26.Kg2 h3+ 27.Kg1 Qd7 28.Nc3 Ng5
29.Qe2 Qb7 30.f4 Bf6 31.Nd1 Bxb2 32.Qxb2 Nf3+ 33.Kf2 Nd4 34.Ke3 Qh1 35.Kd2 Qxh2+
36.Kc1 Qxg3 37.Qf2 Qxf2 38.Nxf2 Ne2+ 39.Kd2 Nxf4 40.Ke3 g5 41.Kf3 f5 42.Kg3 e5
43.Nd1 g4 44.Ne3 Ne2+ 45.Kh2 Nd4 46.Nd5 Kf7 47.Nc7 f4 48.Nxa6 Nf3+  0-1

[Event "GER-ch U20"]
[Site "Halle"]
[Date "1996.??.??"]
[Round "4"]
[White "Grund, Holger"]
[Black "Lauber, Arnd"]
[Result "0-1"]
[WhiteElo "2410"]
[BlackElo "2380"]

1.e4 c5 2.Nf3 Nc6 3.Bb5 e6 4.O-O Nge7 5.Re1 Nd4 6.Bf1 Nec6 7.d3 Nxf3+ 8.Qxf3 Be7
9.c3 d6 10.Be3 e5 11.Na3 O-O 12.Qd1 Kh8 13.Nc2 f5 14.exf5 Bxf5 15.d4 exd4
16.cxd4 Bxc2 17.Qxc2 cxd4 18.Bd2 Qb6 19.Bd3 Ne5 20.Bxh7 Rxf2 21.Kxf2 d3+
22.Be3 dxc2 23.Bxb6 Kxh7 24.Be3 Nd3+ 25.Ke2 Nxe1 26.Rxe1 Re8 27.Kd2 Bh4  0-1

[Event "GER-ch U20"]
[Site "Halle"]
[Date "1996.??.??"]
[Round "5"]
[White "De Gleria, Francesco"]
[Black "Naumann, Alexander"]
[Result "1-0"]
[WhiteElo "2350"]
[BlackElo "2365"]

1.e4 c5 2.Nf3 Nc6 3.Bb5 e6 4.O-O Nge7 5.c3 a6 6.Be2 d5 7.exd5 Nxd5 8.d4 cxd4
9.Nxd4 Nxd4 10.Qxd4 Bd7 11.Bf3 Bc6 12.Nd2 Qc7 13.Nc4 b5 14.Qe5 O-O-O 15.Qxc7+ Kxc7
16.Ne5 Be8 17.c4 bxc4 18.Nxc4 Bb5 19.b3 Bb4 20.Bb2 f6 21.Rac1 Kb8 22.a3 Be7
23.g3 Nc7 24.a4 Bxc4 25.bxc4 Bc5 26.Bc3 Ka7 27.Ba5 Rd7 28.Rb1 Na8 29.Rfe1 e5
30.Bb4 Bd4 31.Red1 a5 32.Rxd4 exd4 33.Bc5+ Ka6 34.Bxa8 Rc8 35.Rb6+ Ka7 36.Bc6 Rdc7
37.Rb3+ Ka6 38.Bb5+ Kb7 39.Bd7+ Ka8 40.Bxc8 Rxc8 41.Rb5 d3 42.Rxa5+ Kb7 43.Rb5+ Ka6
44.Be3 Rxc4 45.Rd5 Rxa4 46.Rxd3  1-0

[Event "GER-ch U20"]
[Site "Halle"]
[Date "1996.??.??"]
[Round "8"]
[White "De Gleria, Francesco"]
[Black "Buhr, Carl Christian"]
[Result "1/2-1/2"]
[WhiteElo "2350"]
[BlackElo "2245"]

1.e4 c5 2.Nf3 Nc6 3.Bb5 e6 4.O-O Nge7 5.b3 Qc7 6.Bb2 Ng6 7.Bxc6 bxc6 8.e5 Be7
9.d3 O-O 10.Nbd2 f6 11.Qe1 Rb8 12.Nc4 Ba6 13.Qa5 Qxa5 14.Nxa5 fxe5 15.Nxe5 Nxe5
16.Bxe5 Rbc8 17.Nc4 Bxc4 18.bxc4 d6 19.Bg3 Rb8 20.Rab1 Kf7 21.Rb3 Rb6 22.Rfb1 Rfb8
23.f3 e5 24.Be1  1/2-1/2

[Event "Hamburg HSK"]
[Site "Hamburg"]
[Date "1996.??.??"]
[Round "1"]
[White "Heinemann, Thies"]
[Black "Rogozenko, Dorin"]
[Result "1/2-1/2"]
[WhiteElo "2420"]
[BlackElo "2525"]

1.e4 c5 2.Nf3 Nc6 3.Bb5 e6 4.O-O Nge7 5.c3 d5 6.exd5 Qxd5 7.d4 cxd4 8.Nxd4 Bd7
9.Be3 Nxd4 10.Bxd7+ Qxd7 11.Qxd4 Qxd4 12.Bxd4 Nf5 13.Be5 f6 14.Bf4 e5 15.Bc1 Bc5
16.Nd2 O-O-O 17.Re1 Rd3 18.Kf1 Rhd8 19.Ke2 R3d7 20.a4 a6 21.Ne4 Ba7 22.f3 Nd6
23.Nxd6+ Rxd6 24.Be3 Bxe3 25.Kxe3 Rd2 26.Re2 R2d3+ 27.Kf2 Kc7 28.Ra3 a5 29.Ra1 Kc6
30.Rc1 Rd1 31.Rxd1 Rxd1 32.Re1 Rxe1 33.Kxe1 Kd5 34.b3 e4 35.Ke2 exf3+ 36.Kxf3 g5
37.h3 Ke5 38.g3 Kd5 39.Ke3 Kc5 40.Kd3 Kd5 41.Ke3 b6 42.Kf3 h6 43.Ke3 Kc5
44.Kd3 Kd5 45.Ke3 Kc5  1/2-1/2

[Event "Hamburg HSK"]
[Site "Hamburg"]
[Date "1996.??.??"]
[Round "8"]
[White "Heinemann, Thies"]
[Black "Wilhelmi, Christian"]
[Result "0-1"]
[WhiteElo "2420"]
[BlackElo "2355"]

1.e4 c5 2.Nf3 Nc6 3.Bb5 d6 4.d4 cxd4 5.Qxd4 Bd7 6.Bxc6 Bxc6 7.c4 f5 8.Nc3 e5
9.Qd3 fxe4 10.Nxe4 Nf6 11.Nfd2 Be7 12.O-O O-O 13.Nc3 d5 14.cxd5 Nxd5 15.Nxd5 Qxd5
16.Qxd5+ Bxd5 17.Nb3 Rac8 18.Be3 b6 19.Rac1 Rfd8 20.Rxc8 Rxc8 21.Rc1 Rxc1+
22.Nxc1 Bc4 23.b3 Ba6 24.f3 Kf7 25.Kf2 Bb4 26.Ne2 Bd3 27.Bc1 Bc5+ 28.Be3 Bb4
29.Bc1 Ke6 30.Bb2 Bc5+ 31.Ke1 g6 32.Kd2 Ba6 33.Bc3 h5 34.Kd1 Bf2 35.Be1 Bc5
36.h4 Be7 37.Bf2 Bb7 38.Nc3 Kf5 39.Ke2 Bc6 40.g3 Bb4 41.Be1 a6 42.Bd2 Bd6
43.Nd1 Bb5+ 44.Kf2 Bd3 45.b4 Ke6 46.a3 Kd5 47.Ke3 Bc2 48.Nb2 e4 49.f4 b5
50.Bc1 Bc7 51.Kd2 Ba4 52.Ke2 Bd8 53.Be3 Bf6 54.Nxa4 bxa4 55.Kd2 Kc4 56.Bc5 Bb2
57.Ke3 Bxa3 58.Kxe4 Bb2  0-1

[Event "Union de Reyes"]
[Site "Havana"]
[Date "1996.??.??"]
[Round "1"]
[White "Suri, Alberto"]
[Black "Vega, Lemay"]
[Result "1-0"]
[WhiteElo "2290"]
[BlackElo "2260"]

1.e4 c5 2.Nf3 Nc6 3.Bb5 g6 4.Bxc6 dxc6 5.h3 Bg7 6.Nc3 e5 7.d3 Ne7 8.Be3 b6
9.Qd2 f6 10.Bh6 O-O 11.O-O-O Rf7 12.Bxg7 Rxg7 13.Nh2 Qd6 14.h4 Be6 15.g4 Rf8
16.f3 a5 17.Rhg1 b5 18.f4 exf4 19.e5 fxe5 20.Ne4 Qd8 21.Nf3 a4 22.Qc3 Bxa2
23.Qxc5 Bd5 24.c4 Qb8 25.g5 Kh8 26.cxd5 cxd5 27.Nd6 Rd8 28.Nxe5 Qxd6 29.Qd4 Nc6
30.Nf7+ Kg8 31.Qxg7+ Kxg7 32.Nxd6 Rxd6 33.Rgf1 Nd4 34.Rde1 Rc6+ 35.Kd1 f3
36.Re7+ Kg8 37.Rfe1 Ne2 38.Re3 Rc1+ 39.Kd2 f2 40.R1xe2 f1=Q 41.Re8+ Kf7 42.R2e7+  1-0

[Event "Union de Reyes"]
[Site "Havana"]
[Date "1996.??.??"]
[Round "5"]
[White "De la Paz, Frank"]
[Black "Lopez, C."]
[Result "1-0"]
[WhiteElo "2325"]
[BlackElo "2370"]

1.e4 c5 2.Nf3 Nc6 3.Bb5 e6 4.Bxc6 bxc6 5.b3 f6 6.O-O Nh6 7.d4 Nf7 8.Ba3 cxd4
9.Bxf8 Kxf8 10.Qxd4 Qb6 11.Qd2 d6 12.c4 e5 13.Nc3 Be6 14.Ne1 Qd4 15.Qc2 a6
16.Rd1 Qa7 17.Qd3 g6 18.Kh1 Kg7 19.Nc2 Rad8 20.f4 Bc8 21.Qg3 Rhf8 22.f5 g5
23.Qh3 Bb7 24.Rd3 a5 25.Rfd1 Qc5 26.Ne3 Rh8 27.Qh5 Qb4 28.h3 Kf8 29.Na4 Ba6
30.a3 Qxa3 31.Nc2 Qa2 32.Rc3 Rb8 33.Ra1 Qxb3 34.Rxb3 Rxb3 35.Qd1 Bxc4 36.Na3 Rb4
37.Nxc4 Rxc4 38.Qe2 d5 39.exd5 cxd5 40.Nb6 Re4 41.Qc2 Rd4  1-0

[Event "Union de Reyes"]
[Site "Havana"]
[Date "1996.??.??"]
[Round "7"]
[White "Perez, R."]
[Black "Vega, Lemay"]
[Result "1-0"]
[WhiteElo "2405"]
[BlackElo "2260"]

1.e4 c5 2.Nf3 Nc6 3.Bb5 g6 4.O-O Bg7 5.Re1 Nf6 6.e5 Nd5 7.Nc3 Nc7 8.Bxc6 dxc6
9.Ne4 Ne6 10.d3 O-O 11.Be3 b6 12.Qd2 Nd4 13.Nxd4 cxd4 14.Bh6 c5 15.h4 Bb7
16.f3 Qd5 17.Bxg7 Kxg7 18.Nf2 Bc8 19.Qg5 Re8 20.a4 a5 21.Ne4 Be6 22.b3 Rad8
23.Kf2 Bf5 24.Ng3 Be6 25.Nh5+ Kh8 26.Nf4 Qb7 27.h5 gxh5 28.Qxh5 Rg8 29.Rh1 Rg7
30.g4 Kg8 31.Qh6 Rc8 32.Rh5 Rc6 33.Rg5 Rxg5 34.Qxg5+ Kh8 35.Nh5  1-0

[Event "Union de Reyes"]
[Site "Havana"]
[Date "1996.??.??"]
[Round "10"]
[White "Lopez, C."]
[Black "Vega, Lemay"]
[Result "0-1"]
[WhiteElo "2370"]
[BlackElo "2260"]

1.e4 c5 2.Nf3 Nc6 3.Bb5 g6 4.Bxc6 dxc6 5.h3 Bg7 6.d3 e5 7.Be3 b6 8.Qd2 f6
9.Qc3 Qd6 10.Nbd2 Be6 11.a3 Ne7 12.Nc4 Qc7 13.b4 cxb4 14.axb4 O-O 15.O-O Rad8
16.Ra3 Rd7 17.Rfa1 Nc8 18.d4 exd4 19.Nxd4 Bf7 20.f4 Re8 21.Nd2 f5 22.e5 Bd5
23.Qb2 Bf8 24.c4 Bf7 25.N4f3 c5 26.b5 Bh6 27.Qc2 Qd8 28.Nf1 Qe7 29.Ng3 Qe6
30.Rc1 Red8 31.Ne2 Qe8 32.Bf2 Bf8 33.Ng5 Rd2 34.e6 Bxe6 35.Qxd2 Rxd2 36.Re3 Rd6
37.Nc3 h6 38.Nd5 hxg5 39.Nf6+ Kf7 40.Nxe8 Kxe8 41.fxg5 Kf7 42.Re2 Rd3 43.h4 Bd6
44.h5 Bd7 45.h6 Bf4 46.Rce1 Bxg5 47.Be3 Rxe3 48.Rxe3 Bxh6 49.R3e2 Bg7 50.Kf2 Bf6
51.Kf3 g5 52.g3 Bc3 53.Rd1 Be6 54.Rd8 Bf6 55.Rf8+ Kxf8 56.Rxe6 Be7 57.Rh6 Nd6
58.Rh8+ Kf7 59.Rh7+ Ke6 60.Rh6+ Kd7  0-1

[Event "Helsinki-ch "]
[Site "Helsinki"]
[Date "1996.??.??"]
[Round "?"]
[White "Keskisarja, Teemu"]
[Black "Agopov, Mikael"]
[Result "0-1"]
[WhiteElo "2255"]
[BlackElo "2230"]

1.e4 c5 2.Nf3 Nc6 3.Bb5 e6 4.Nc3 Nge7 5.O-O Ng6 6.d4 cxd4 7.Nxd4 Be7 8.Be3 O-O
9.Kh1 a6 10.Bd3 b5 11.f4 Bb7 12.Qh5 d6 13.Nxc6 Bxc6 14.Rf3 b4 15.Rh3 Nh4
16.Ne2 h6 17.Rg3 Kh7 18.f5 exf5 19.exf5 Bf6 20.Nd4 Bb7 21.Rf1 Qe8 22.Rxg7+ Kxg7
23.Bxh6+ Kg8 24.Bg5 Bxg2+ 25.Kg1 Bxd4+  0-1

[Event "Helsinki We G"]
[Site "Helsinki"]
[Date "1996.??.??"]
[Round "3"]
[White "Pyhala, Antti"]
[Black "Hartikainen, Markku"]
[Result "1-0"]
[WhiteElo "2330"]
[BlackElo "2290"]

1.e4 c5 2.Nf3 Nc6 3.Bb5 e6 4.O-O Nge7 5.Nc3 Qb6 6.Re1 a6 7.Bf1 d6 8.d3 Ng6
9.a3 Be7 10.g3 O-O 11.h4 Bf6 12.h5 Nge5 13.Nh2 Nd4 14.f4 Nec6 15.Kh1 Qd8
16.Bh3 b5 17.Rg1 b4 18.Ne2 Bb7 19.axb4 Nxb4 20.c3 Nxe2 21.Qxe2 Nc6 22.g4 Na5
23.g5 Be7 24.g6 Nb3 25.gxf7+ Rxf7 26.Bxe6 Nxa1 27.h6 Bf8 28.f5 d5 29.Qh5 Qe8
30.hxg7 Bxg7 31.Bh6 Kf8 32.Bxf7  1-0

[Event "Helsinki We G"]
[Site "Helsinki"]
[Date "1996.??.??"]
[Round "5"]
[White "Vetemaa, Juri"]
[Black "Hartikainen, Markku"]
[Result "1-0"]
[WhiteElo "2350"]
[BlackElo "2290"]

1.e4 c5 2.Nf3 Nc6 3.Bb5 e6 4.O-O Nge7 5.c3 d5 6.exd5 Nxd5 7.Ne5 Bd7 8.Bxc6 Bxc6
9.Nxc6 bxc6 10.Na3 Be7 11.Qf3 O-O 12.d3 Nb6 13.Nc4 Qd5 14.Na5 Rac8 15.Rd1 c4
16.Nxc4 Nxc4 17.dxc4 Qxc4 18.Rd7 Bc5 19.Be3 Bb6 20.Bd4 Bxd4 21.Rxd4 Qb5 22.b3 c5
23.Rd6 c4 24.b4 Rfd8 25.Rad1 Rxd6 26.Rxd6 Qe5 27.Rd1 g6 28.Qe3 Qc7 29.Qd4 a5
30.b5 a4 31.b6 Qb7 32.h4 h5 33.Rb1 Rc6 34.Rb4 Qb8 35.b7 a3 36.Rb6 Rxb6 37.Qxb6 Kg7
38.g3 g5 39.hxg5 Kg6 40.Qc6 h4 41.Qe4+  1-0

[Event "ROM-ch"]
[Site "Herculane"]
[Date "1996.??.??"]
[Round "5"]
[White "Teodorescu, Florin Cornel"]
[Black "Moldovan, Daniel"]
[Result "0-1"]
[WhiteElo "2320"]
[BlackElo "2400"]

1.e4 c5 2.Nf3 Nc6 3.Bb5 g6 4.O-O Bg7 5.Re1 e5 6.b4 cxb4 7.d4 Nxd4 8.Nxd4 exd4
9.e5 Ne7 10.Bg5 O-O 11.Nd2 h6 12.Bh4 g5 13.Bg3 Nf5 14.Qf3 d6 15.exd6 Nxg3
16.Qxg3 Bf5 17.Bd3 Bxd3 18.cxd3 a5 19.Rac1 Ra6 20.Ne4 Rb6 21.h4 gxh4 22.Qf4 f5
23.Nd2 Qxd6 24.Qxh4 Qd5 25.Qh5 Re6 26.Ne4 Qxa2 27.Re2 Qa4 28.Qh3 Qe8 29.Nd6 Qg6
30.Rxe6 Qxe6 31.Nxb7 b3  0-1

[Event "ROM-ch"]
[Site "Herculane"]
[Date "1996.??.??"]
[Round "7"]
[White "Ardeleanu, Alin"]
[Black "Dumitrache, Dragos"]
[Result "1/2-1/2"]
[WhiteElo "2420"]
[BlackElo "2495"]

1.e4 c5 2.Nf3 Nc6 3.Bb5 g6 4.O-O Bg7 5.c3 Nf6 6.e5 Nd5 7.d4 cxd4 8.cxd4 O-O
9.Nc3 Nc7 10.Ba4 d6 11.h3 dxe5 12.dxe5 Qxd1 13.Rxd1 Nxe5 14.Nxe5 Bxe5 15.Bg5 Bxc3
16.bxc3 b5 17.Bc2 Bb7 18.Bxe7 Rfe8 19.Rd7 Nd5 20.Rxb7 Rxe7 21.Rxe7 Nxe7 22.Rd1 Kf8
23.Rd7 a6 24.Rd6 Ke8 25.Bb3 Ra7 26.Rb6 Nc8 27.Rf6 Kf8 28.Rc6 Ne7 29.Rb6 Kg7
30.Kf1 Nc8 31.Rc6 Ne7 32.Rb6 Nc8 33.Rc6 Ne7 34.Rb6 Nc8 35.Rc6  1/2-1/2

[Event "Hlohovec op"]
[Site "Hlohovec"]
[Date "1996.??.??"]
[Round "4"]
[White "Svobodova, Michaela"]
[Black "Karlik, Vladimir"]
[Result "1/2-1/2"]
[WhiteElo "2150"]
[BlackElo "2275"]

1.e4 c5 2.Nf3 Nc6 3.Bb5 Nf6 4.Nc3 g6 5.e5 Ng4 6.Bxc6 dxc6 7.h3 Nh6 8.g4 Bg7
9.d3 f6 10.Qe2 O-O  1/2-1/2

[Event "Hlohovec op"]
[Site "Hlohovec"]
[Date "1996.??.??"]
[Round "9"]
[White "Svobodova, Michaela"]
[Black "Kovacocy, Pavol"]
[Result "1-0"]
[WhiteElo "2150"]
[BlackElo "2230"]

1.e4 c5 2.Nf3 Nc6 3.Bb5 g6 4.Bxc6 bxc6 5.O-O Bg7 6.Re1 e6 7.Nc3 Ne7 8.e5 d5
9.exd6 Qxd6 10.Ne4 Qd5 11.c4 Qd8 12.Nxc5 O-O 13.d4 Nf5 14.Bg5 Qb6 15.Na4 Qa5
16.Bd2 Qa6 17.b3 Nxd4 18.Bc3 Nxf3+ 19.Qxf3 Bxc3 20.Qxc3 Qb7 21.Qf6 Qb4 22.Re5 Qd2
23.Nc5 Qd8 24.Qf3 Qd6 25.Qf6 Qd8 26.Qf4 Qe7 27.b4 a5 28.Ne4 axb4 29.Nf6+ Kg7
30.Rh5 gxh5 31.Qg5+ Kh8 32.Qh6  1-0

[Event "NLD-chT9697"]
[Site "Holland"]
[Date "1996.??.??"]
[Round "?"]
[White "Los, Sander"]
[Black "Schwartz, AJ."]
[Result "1/2-1/2"]
[WhiteElo "2370"]
[BlackElo "2225"]

1.e4 c5 2.Nf3 Nc6 3.Bb5 d6 4.O-O Bd7 5.Re1 e6 6.c3 a6 7.Bxc6 Bxc6 8.d4 Be7
9.d5 Bd7 10.a4 e5 11.a5 Nf6 12.h3 O-O 13.Nbd2 Ne8 14.Nc4 f5 15.Nb6 fxe4 16.Nd2 Rb8
17.Nxd7 Qxd7 18.Nxe4 h6 19.Qg4 Qxg4 20.hxg4 Nf6 21.Nxf6+ Bxf6 22.g3 Bg5 23.Bxg5 hxg5
24.Kg2 Rf6 25.Ra3 b5 26.axb6 Rxb6 27.Ra2 Rf8 28.Re4 Rb5 29.Rea4 c4 30.Ra5 Rfb8
31.Rxb5 Rxb5 32.Rxa6 Rxd5 33.Kf3 Kf7 34.Ke2 Ke6 35.Rc6  1/2-1/2

[Event "NLD-chT9697"]
[Site "Holland"]
[Date "1996.??.??"]
[Round "?"]
[White "Ljubojevic, Ljubomir"]
[Black "Hendriks, Willy"]
[Result "1/2-1/2"]
[WhiteElo "2600"]
[BlackElo "2425"]

1.e4 c5 2.Nf3 Nc6 3.Bb5 g6 4.O-O Bg7 5.Re1 Nf6 6.e5 Nd5 7.Nc3 Nc7 8.a4 O-O
9.d3 b6 10.Bxc6 dxc6 11.h3 Be6 12.Qe2 Qd7 13.Bd2 Bd5 14.Ne4 Ne6 15.Qe3 f5
16.exf6 exf6 17.Nc3 Rae8 18.Nxd5 cxd5 19.Qe2 Nd4 20.Qd1 f5 21.Nxd4 Bxd4 22.c3 Rxe1+
23.Qxe1 Re8 24.Qd1 Bf6 25.Qb3 Kg7 26.Qb5 Re7 27.Kf1 c4 28.Qxd7 Rxd7 29.dxc4 dxc4
30.Be3 Rd5 31.a5 Rxa5 32.Rxa5 bxa5 33.Bxa7 Kf7 34.Ke2 Ke6 35.Bb6 a4 36.Bc5 Kd5
37.Bb4 Bg5 38.Ba3 Ke4 39.f3+ Kd5 40.Kd1 Ke5 41.Ke2 h5 42.Bc5 Bc1 43.Ba3 g5
44.Kd1 Be3 45.Ke2 Bb6 46.Be7 g4 47.Bg5 gxh3  1/2-1/2

[Event "NLD-chT9697"]
[Site "Holland"]
[Date "1996.??.??"]
[Round "?"]
[White "Van der Wiel, John TH"]
[Black "Van der Weide, Karel"]
[Result "1-0"]
[WhiteElo "2535"]
[BlackElo "2345"]

1.e4 c5 2.Nf3 Nc6 3.Bb5 g6 4.O-O Bg7 5.Re1 e5 6.Bxc6 dxc6 7.d3 Qe7 8.a4 Nf6
9.Nbd2 O-O 10.Nc4 Ne8 11.Be3 Nc7 12.h3 f6 13.Qc1 Be6 14.b3 Bf7 15.Qa3 Ne6
16.a5 Rfd8 17.Rab1 Bf8 18.Qb2 Nd4 19.Nh2 Qc7 20.Ng4 h5 21.Nxf6+ Kg7 22.f4 Bxc4
23.bxc4 Kxf6 24.fxe5+ Kf7 25.c3 Ne6 26.d4 Rd7 27.Qf2+ Kg8 28.Qf6 Re8 29.d5 Ng7
30.e6 Rdd8 31.Qxg6 Qe5 32.Rf1 Bd6 33.Bf4 Qxc3 34.Bxd6 Rxd6 35.Rxb7 Qd4+ 36.Kh1 Rdd8
37.Kh2 Qe5+ 38.g3  1-0

[Event "NLD-chT9697"]
[Site "Holland"]
[Date "1996.??.??"]
[Round "?"]
[White "Vedder, Henk"]
[Black "Lemmers, Oscar"]
[Result "1-0"]
[WhiteElo "2375"]
[BlackElo "2360"]

1.e4 c5 2.Nf3 Nc6 3.Bb5 g6 4.O-O Bg7 5.c3 e5 6.Na3 Nge7 7.Nc4 d6 8.d4 cxd4
9.cxd4 O-O 10.dxe5 dxe5 11.h3 Nd4 12.Nxd4 exd4 13.Nd2 f5 14.Bd3 Kh8 15.Nf3 Nc6
16.a3 fxe4 17.Bxe4 Bf5 18.Ng5 Bxe4 19.Nxe4 Qd5 20.Qg4 Rae8 21.Ng5 Kg8 22.h4 Ne5
23.Qg3 Rf5 24.Bd2 Nc4 25.Bb4 a5 26.b3 Ne5 27.Bd2 Ref8 28.f4 Nd7 29.Rae1 Bf6
30.Qh3 Bxg5 31.hxg5 R5f7 32.Qe6 Qxe6 33.Rxe6 Nc5 34.Rb6 Ne4 35.Bxa5 d3 36.Bb4 Rd8
37.Re6 Ng3 38.Rd1 Rxf4 39.Re3 Rg4 40.Rexd3 Re8 41.Rd8 Rxd8 42.Rxd8+ Kf7 43.Kf2 Rxg5
44.Rd7+ Ke6 45.Rxb7 h5 46.a4 Ne4+ 47.Ke3 Nf6 48.Kf2 Ne4+ 49.Kf3 Rg4 50.a5 Kd5
51.Rb5+ Kd4 52.Be1 g5 53.g3 Kd3 54.a6  1-0

[Event "NLD-chT9697"]
[Site "Holland"]
[Date "1996.??.??"]
[Round "?"]
[White "Okkes, Menno"]
[Black "Reinderman, Dimitri"]
[Result "0-1"]
[WhiteElo "2285"]
[BlackElo "2495"]

1.e4 c5 2.Nf3 Nc6 3.Bb5 d6 4.d4 cxd4 5.Qxd4 Bd7 6.Bxc6 Bxc6 7.Nc3 h6 8.Be3 Nf6
9.O-O-O e5 10.Qc4 Qc8 11.Qd3 Be7 12.h3 b5 13.g4 b4 14.Nd5 Nxd5 15.exd5 Bd7
16.Nd2 O-O 17.Rhg1 f5 18.g5 f4 19.gxh6 Rf7 20.hxg7 Bf5 21.Ne4 fxe3 22.fxe3 Bh7
23.Rg4 Rxg7 24.Rdg1 Rxg4 25.Rxg4+ Kh8 26.Qd2 Bf5 27.Nxd6 Bxd6 28.e4 Bh7 29.Qh6 Qf8  0-1